000 00335 a2200169 4500
001 177303
020 _a978-85-08-06931-6
040 _cMagnum
100 _aFrança, Mary
240 1 0 _aA banana
_lpor
245 1 0 _aA banana
300 _a16
362 0 _a2012
440 1 _aÁtica
697 _aMAGNITO: I/ANIMAIS
942 _cBK
999 _c177303
_d177303